[Event "Heusenstamm Sparkassen op-B 5th"]
[Site "Heusenstamm"]
[Date "2018.11.22"]
[Round "1"]
[White "Jansen, Nora"]
[Black "Floren, Dieter"]
[Result "0-1"]
[WhiteElo "1433"]
[BlackElo "1715"]
[PlyCount "62"]
[EventDate "2018.11.22"]
[EventType "swiss"]
[EventRounds "7"]
[EventCountry "GER"]
[SourceTitle "CBM 187 Extra"]
[Source "ChessBase"]
[SourceDate "2018.11.04"]
[SourceVersion "1"]
[SourceVersionDate "2018.11.04"]
[SourceQuality "1"]

1. c4 Nf6 2. g3 e5 3. Bg2 c6 4. Nc3 d5 5. d3 Be6 6. Nf3 Qa5 7. Nd2 Qc7 8. a3 a5 9. 0-0 Bc5 10. cxd5 cxd5 11. Nb3 Be7 12. Bd2 a4 13. Nc1 Qd7 14. N1a2 d4 15. Ne4 Nxe4 16. Bxe4 Nc6 17. f4 g6 18. Bxc6 bxc6 19. fxe5 c5 20. Rf2 Rb8 21. Qc1 0-0 22. Bf4 Rb7 23. Qd2 Rfb8 24. e3 g5 25. exd4 Rxb2 26. Qxb2 Rxb2 27. Rxb2 gxf4 28. Rab1 Qxd4+ 29. Kf1 Qxd3+ 30. Kg1 Qe3+ 31. Kf1 Bh3+ 0-1